Nicôlai Ôxtơrôpxki

Bewaard in:
Bibliografische gegevens
Hoofdauteur: Ôxtơrôpxcaia, R.
Andere auteurs: Hằng Nga (dịch), Bích Thư (dịch)
Formaat: Boek
Taal:Vietnamese
Gepubliceerd in: Matxcơva Cầu Vồng 1986
Onderwerpen:
Tags: Voeg label toe
Geen labels, Wees de eerste die dit record labelt!
Thư viện lưu trữ: Mạng thư viện Đại học Đà Nẵng
LEADER 01067nam a2200325 4500
001 000004047
003 175
005 20121211001242.0
008 110714s1986 viesd
020 |a 505000750X  |c 12000 
041 0 |a vie 
082 |a 891.73  |b OX-R 
100 1 |a Ôxtơrôpxcaia, R. 
245 1 0 |a Nicôlai Ôxtơrôpxki  |c R. Ôxtơrôpxcaia ; người dịch : Hằng Nga và Bích Thư 
260 |a Matxcơva  |b Cầu Vồng  |c 1986 
300 |a 270 tr.  |c 19 cm. 
653 |a Văn học Xô Viết 
700 1 |a Hằng Nga  |e dịch 
700 1 |a Bích Thư  |e dịch 
910 |a Thi  |d 14/7/2011 
OWN |a LSP 
AVA |a UDN50  |b LSP  |d 891.73 OX-R  |e available  |t Error 5001 Not defined in file expand_doc_bib_avail.  |f 6  |g 0  |h N  |i 0  |k 1 
999 |a From the UDN01 
AVA |a UDN50  |b LSP  |d 891.73 OX-R  |e available  |t Error 5001 Not defined in file expand_doc_bib_avail.  |f 6  |g 0  |h N  |i 0  |k 1 
TYP |a Monograph 
TYP |a Printed language 
980 |a Mạng thư viện Đại học Đà Nẵng